Detalles MARC
| 000 -CABECERA |
| campo de control de longitud fija |
00989nam a2200253 a 4500 |
| 001 - NÚMERO DE CONTROL |
| campo de control |
000046697 |
| 005 - FECHA Y HORA DE LA ÚLTIMA TRANSACCIÓN |
| campo de control |
20250129172553.0 |
| 008 - DATOS DE LONGITUD FIJA--INFORMACIÓN GENERAL |
| campo de control de longitud fija |
180319s2017 dr a 000 0 spa d |
| 020 ## - NÚMERO INTERNACIONAL ESTÁNDAR DEL LIBRO |
| Número Internacional Estándar del Libro |
9789945503043 |
| 040 ## - FUENTE DE LA CATALOGACIÓN |
| Centro catalogador/agencia de origen |
DO-SdBNP |
| Lengua de catalogación |
spa |
| Centro/agencia transcriptor |
BNPHU |
| 082 ## - NÚMERO DE LA CLASIFICACIÓN DECIMAL DEWEY |
| Número de clasificación |
xxxx |
| Número de documento/Ítem |
xxxx |
| 100 1# - ENTRADA PRINCIPAL--NOMBRE DE PERSONA |
| Nombre de persona |
MiesesBurgos, Franklin, |
| Fechas asociadas al nombre |
1907-1976 |
| 9 (RLIN) |
74655 |
| 245 13 - MENCIÓN DE TÍTULO |
| Título |
El sembrador de voces : |
| Resto del título |
selección poética / |
| Mención de responsabilidad, etc. |
Franklin Mieses Burgos ; prólogo Federico Henríquez Gratereaux ; selección José Enrique García. |
| 260 ## - PUBLICACIÓN, DISTRIBUCIÓN, ETC. |
| Lugar de publicación, distribución, etc. |
Santo Domingo : |
| Nombre del editor, distribuidor, etc. |
Ministerio de Cultura, |
| Fecha de publicación, distribución, etc. |
2017. |
| 300 ## - DESCRIPCIÓN FÍSICA |
| Extensión |
xxvii, 164 p. : |
| Otras características físicas |
il. ; |
| Dimensiones |
19 cm. |
| 490 1# - MENCIÓN DE SERIE |
| Mención de serie |
Biblioteca dominicana básica ; |
| Designación de volumen o secuencia |
3 |
| 490 1# - MENCIÓN DE SERIE |
| Mención de serie |
Poesía ; |
| 500 ## - NOTA GENERAL |
| Nota general |
Incluye datos biográficos del autor en las solapas |
| 590 ## - NOTA LOCAL (RLIN) |
| Nota local |
Inventariado, 2018/BT |
| 700 1# - PUNTO DE ACCESO ADICIONAL--NOMBRE DE PERSONA |
| Nombre de persona |
Henríquez Gratereaux, Federico, |
| Fechas asociadas al nombre |
1937- |
| Término indicativo de función/relación |
pról. |
| 9 (RLIN) |
2003 |
| 700 1# - PUNTO DE ACCESO ADICIONAL--NOMBRE DE PERSONA |
| Nombre de persona |
García, José Enrique, |
| Fechas asociadas al nombre |
1948- |
| Término indicativo de función/relación |
sel. |
| 9 (RLIN) |
22487 |
| 830 #0 - PUNTO DE ACCESO ADICIONAL DE SERIE-TÍTULO UNIFORME |
| Título uniforme |
Biblioteca dominicana básica ; |
| Número de parte o sección de la obra |
3 |
| 9 (RLIN) |
74656 |
| 830 #0 - PUNTO DE ACCESO ADICIONAL DE SERIE-TÍTULO UNIFORME |
| Título uniforme |
Poesía ; |
| 9 (RLIN) |
1183 |